| 000 | 01055nab a22002297a 4500 | ||
|---|---|---|---|
| 999 |
_c6062 _d6062 |
||
| 003 | OSt | ||
| 005 | 20260121001227.0 | ||
| 008 | 190514b xxu||||| |||| 00| 0 spa d | ||
| 040 | _cPJ | ||
| 100 |
_95888 _aDelgado Solis, Elba Érika |
||
| 245 | 1 | 3 |
_aEl derecho a la escucha de NNA en el ámbito judicial : _b¿se erige como manda constituvencional obligada y en términos reales? / _cErika Delgado Solis. |
| 300 | _ap. 10- | ||
| 500 | _aCita: TR LALEY AR/DOC/987/2024. | ||
| 505 | _a Sumario: I. Breve introducción.— II. Análisis del caso.— III. Reflexiones finales. | ||
| 505 | _tFallo comentado: CS ~ 02/11/2023 ~ V., S. A. c. M., I. I. s/ recurso de queja. | ||
| 650 | 0 |
_9967 _aDERECHO DE FAMILIA |
|
| 650 | 0 |
_92741 _aDERECHOS DE LAS NIÑAS, NIÑOS Y ADOLESCENTES |
|
| 650 | 0 |
_94378 _aDERECHO A SER OÍDO |
|
| 650 | 0 |
_91057 _aJURISPRUDENCIA APLICABLE |
|
| 773 | 0 |
_02844 _93222 _dBuenos Aires : AbeledoPerrot, 1989- _tDerecho de familia. Revista Interdisciplinaria de doctrina y jurisprudencia. Junio 2024-III. _z18511201 |
|
| 942 |
_2udc _cANA |
||